Securitisation : (Record no. 181393)

MARC details
000 -LEADER
fixed length control field 00701nam a22001937a 4500
005 - DATE AND TIME OF LATEST TRANSACTION
control field 20210910154708.0
010 ## - LCCN (DPL NO)
LC control number ENG-129911
020 ## - INTERNATIONAL STANDARD BOOK NUMBER
International Standard Book Number 978-93-8999-146-8
Terms of availability 2995.00
035 ## - SYSTEM CONTROL NUMBER
System control number EN-113443
037 ## - SOURCE OF ACQUISITION
Source of stock number/acquisition DBAD/PUB
082 ## - DEWEY DECIMAL CLASSIFICATION NUMBER
Classification number 346.540666
100 ## - MAIN ENTRY--PERSONAL NAME
Dates associated with a name Kothari,Vinod
245 ## - TITLE STATEMENT
Title Securitisation :
Statement of responsibility, etc by Vinod Kothari
Remainder of title Asset Reconstruction and Enforcement of security Interests/
250 ## - EDITION STATEMENT
Edition statement 6th ed.
260 ## - PUBLICATION, DISTRIBUTION, ETC. (IMPRINT)
Name of publisher, distributor, etc Lexis Nexis
Place of publication, distribution, etc India
Date of publication, distribution, etc 2020
270 ## - ADDRESS
City Gurgaon
Postal code 122002
Address 14th Floor , Building No 10, Tower-B, DLF Cyber City, phase -ll
Telephone number +91 124 4774444
Fax number +91 124 4774100
Electronic mail address help.in@lexisnexis.com
300 ## - PHYSICAL DESCRIPTION
Extent xxxvii,1219p.
Dimensions 25cm(hbk)
942 ## - ADDED ENTRY ELEMENTS (KOHA)
Source of classification or shelving scheme Dewey Decimal Classification
Item type English Books
Classification part 346.540666
Call number suffix KOT
Holdings
Withdrawn status Lost status Not for loan Collection code Home library Current library Date acquired Source of acquisition Cost, normal purchase price Full call number Barcode Copy number Cost, replacement price Koha item type
      Reference Central Library Central Library 10/09/2021 DBAD/PUB 2995.00 346.540666 KOT EN-113443 1 2995.00 English Books

© Delhi Public Library
Hit Counter
free hit counter